Statistics for Destiny the Game Quiz #16 (Gear)

Click here to take the quiz!

General Stats

  • This quiz has been taken 1,191 times
  • The average score is 12 of 15

Answer Stats

HintAnswer% Correct
Outbreak _________ (Pulse Rifle)Prime
98%
The Clever _________ (Pulse Rifle)Dragon
96%
_________ Vigil (Fusion Rifle)Saladin's
94%
Nemesis _________ (Machine Gun)Star
92%
The Proud _________ (Shotgun)Spire
90%
The Silvered _________ (Machine Gun)Dread
88%
Ophidian _________ (GauntletsAspect
85%
_________ Medulla~ (Pulse Rifle)Steel
80%
_________ Dawn (Sniper Rifle)Devil's
79%
The _________ Star (Scout Rifle)Distant
77%
Teacup _________ (Sidearm)Tempest
76%
Astrocyte _________ (Helmet)Verse
74%
_________ Nova~ (Fusion Rifle)Ether
69%
The _________ Heart (Sniper Rifle)Laughing
66%
_________ Vector~ (Sidearm)Zeal
53%

Score Distribution

Percentile by Number Answered

Percent of People with Each Score

Your Score History

You have not taken this quiz